{"text_format":"2","workbook":"xlsx","n_sheets":5,"sheets":["FCON","FCON1_Qde","FCON2_FatorK1","FCON3_FatorK234","FCON4_OS"],"not_rendered":{"charts":0,"images":0,"macros":0,"external_links":1,"defined_names":46,"comments":1,"pivot_tables":0},"unopened":[],"bounds":{"document_bytes":16777216,"sheet_cells":100000,"run_cost":"one","rows_first":2000,"rows_last":500,"rows_between":2000,"halvings":0,"cell_chars":16384,"cell_head_chars":4096},"cells_cut":0,"cells_raw":0,"read":"whole","date_system":"1900"}

{"sheet":"FCON","index":0,"n_rows":45,"n_cols":9,"rows_kept":45,"cut":false,"hidden":false,"merged":[[45,0,45,8],[33,0,33,4],[34,0,34,4],[35,0,35,4],[36,0,36,4],[37,0,37,8],[33,7,33,8],[34,7,34,8],[42,0,42,8],[38,0,38,8],[39,0,39,8],[40,0,40,8],[44,0,44,8],[41,0,41,8],[43,0,43,8],[0,0,1,6],[4,3,4,6],[0,7,0,8],[1,7,1,8],[4,7,4,8],[2,0,2,8],[3,0,3,8],[4,0,4,2],[5,0,5,2],[27,0,27,4],[27,5,27,8],[5,7,5,8],[5,3,5,6],[32,0,32,4],[32,5,32,8],[31,0,31,4],[31,5,31,8],[28,0,28,4],[29,0,29,4],[28,5,28,8],[29,5,29,8],[30,5,30,8],[30,0,30,4]]}
["PROPOSTA FINANCEIRA DO PROJETO",{"$nulls":6},"CODIGO:"]
[{"$nulls":7},"FCON"]
["NOME DA CONSULTORA:"]
[]
["PROJETO:",null,null,"PRODUTO:",null,null,null,"EDITAL:"]
["SERVIÇOS ESPECIALIZADOS PARA ELABORAÇÃO DOS RELATÓRIOS DE REVISÃO PERIODICA DE SEGURANÇA (RPS) DAS BARRAGENS DA CODEVASF"]
["Cod.","Categoria / Insumo","Uni","Qde","CUD","PU","FatorK","CT","PT"]
["MO","Mão de Obra",{"$nulls":5},{"$f":"SUM(H9:H19)","v":1062855.2},{"$f":"SUM(I9:I19)","v":2704010.15}]
["P0","Coordenador Geral","mês",{"$f":"SUMIF(FCON1_Qde!$B$10:$B$28,\"=\"&FCON!$B9,FCON1_Qde!$D$10:$D$28)","v":10},17776,{"$f":"ROUND(E9*G9,2)","v":45223.92},{"$f":"FCON2_FatorK1!$E$37","v":2.5440999999999998},{"$f":"ROUND(D9*E9,2)","v":177760},{"$f":"ROUND(F9*D9,2)","v":452239.2}]
["P1","Engenheiro Hidráulico","mês",{"$f":"SUMIF(FCON1_Qde!$B$10:$B$28,\"=\"&FCON!$B10,FCON1_Qde!$D$10:$D$28)","v":10},13735.04,{"$f":"ROUND(E10*G10,2)","v":34943.32},{"$f":"FCON2_FatorK1!$E$37","v":2.5440999999999998},{"$f":"ROUND(D10*E10,2)","v":137350.39999999999},{"$f":"ROUND(F10*D10,2)","v":349433.2}]
["P1","Engenheiro Hidrólogo","mês",{"$f":"SUMIF(FCON1_Qde!$B$10:$B$28,\"=\"&FCON!$B11,FCON1_Qde!$D$10:$D$28)","v":10},13735.04,34943.32,{"$f":"FCON2_FatorK1!$E$37","v":2.5440999999999998},137350.39999999999,349433.2]
["P1","Engenheiro Geotécnico","mês",{"$f":"SUMIF(FCON1_Qde!$B$10:$B$28,\"=\"&FCON!$B12,FCON1_Qde!$D$10:$D$28)","v":10},13735.04,34943.32,{"$f":"FCON2_FatorK1!$E$37","v":2.5440999999999998},137350.39999999999,349433.2]
["P1","Engenheiro Estrutural","mês",{"$f":"SUMIF(FCON1_Qde!$B$10:$B$28,\"=\"&FCON!$B13,FCON1_Qde!$D$10:$D$28)","v":10},13735.04,34943.32,{"$f":"FCON2_FatorK1!$E$37","v":2.5440999999999998},137350.39999999999,349433.2]
["P1","Engenheiro Mecânico/Eletricista","mês",{"$f":"SUMIF(FCON1_Qde!$B$10:$B$28,\"=\"&FCON!$B14,FCON1_Qde!$D$10:$D$28)","v":5},13735.04,34943.32,{"$f":"FCON2_FatorK1!$E$37","v":2.5440999999999998},68675.199999999997,174716.6]
["P1","Geólogo","mês",{"$f":"SUMIF(FCON1_Qde!$B$10:$B$28,\"=\"&FCON!$B15,FCON1_Qde!$D$10:$D$28)","v":5},13735.04,34943.32,{"$f":"FCON2_FatorK1!$E$37","v":2.5440999999999998},68675.199999999997,174716.6]
["T1","Técnico Cadista/Estruturas","mês",{"$f":"SUMIF(FCON1_Qde!$B$10:$B$28,\"=\"&FCON!$B16,FCON1_Qde!$D$10:$D$28)","v":10},4384.16,11153.74,{"$f":"FCON2_FatorK1!$E$37","v":2.5440999999999998},43841.599999999999,111537.4]
["T1","Técnico Geopro/Hidrologia","mês",{"$f":"SUMIF(FCON1_Qde!$B$10:$B$28,\"=\"&FCON!$B17,FCON1_Qde!$D$10:$D$28)","v":20},4384.16,11153.74,{"$f":"FCON2_FatorK1!$E$37","v":2.5440999999999998},87683.199999999997,223074.8]
["A1","Secretário","mês",{"$f":"SUMIF(FCON1_Qde!$B$10:$B$28,\"=\"&FCON!$B18,FCON1_Qde!$D$10:$D$28)","v":10},4454.5600000000004,11332.85,{"$f":"FCON2_FatorK1!$E$37","v":2.5440999999999998},44545.599999999999,113328.5]
["A1","Redator/Revisor/Editor","mês",{"$f":"SUMIF(FCON1_Qde!$B$10:$B$28,\"=\"&FCON!$B19,FCON1_Qde!$D$10:$D$28)","v":5},4454.5600000000004,11332.85,{"$f":"FCON2_FatorK1!$E$37","v":2.5440999999999998},22272.799999999999,56664.25]
["DP","Diárias e Passagens",{"$nulls":5},{"$f":"SUM(H21:H23)","v":92578.8},{"$f":"SUM(I21:I23)","v":118751.64}]
["V0","Diárias","dia",{"$f":"SUMIF(FCON1_Qde!$A$10:$A$28,\"=\"&FCON!$A21,FCON1_Qde!$D$10:$D$28)","v":168},239,306.57,{"$f":"FCON3_FatorK234!$E$19","v":1.2827},40152,51503.76]
["V1","Aluguel Hatch 1.4 flex c/ Motorista","dia",{"$f":"SUMIF(FCON1_Qde!$A$10:$A$28,\"=\"&FCON!$A22,FCON1_Qde!$D$10:$D$28)","v":48},228.6,293.23,{"$f":"FCON3_FatorK234!$E$19","v":1.2827},10972.8,14075.04]
["V2","Passagens Aéreas (ida e volta)","un",{"$f":"SUMIF(FCON1_Qde!$A$10:$A$28,\"=\"&FCON!$A23,FCON1_Qde!$D$10:$D$28)","v":42},987,1266.02,{"$f":"FCON3_FatorK234!$E$19","v":1.2827},41454,53172.84]
["MC","Materiais de Consumo",{"$nulls":5},{"$f":"SUM(H25:H27)","v":2320},{"$f":"SUM(I25:I27)","v":2975.7999999999997}]
["M1","Relatório Impresso","un",{"$f":"SUMIF(FCON1_Qde!$A$10:$A$28,\"=\"&FCON!$A25,FCON1_Qde!$D$10:$D$28)","v":24},56.75,72.790000000000006,{"$f":"FCON3_FatorK234!$E$19","v":1.2827},1362,1746.96]
["M2","Pendrive 64GB","un",{"$f":"SUMIF(FCON1_Qde!$A$10:$A$28,\"=\"&FCON!$A26,FCON1_Qde!$D$10:$D$28)","v":8},81,103.9,{"$f":"FCON3_FatorK234!$E$19","v":1.2827},648,831.2]
["M3","HD Externo 2TB","un",1,310,397.64,{"$f":"FCON3_FatorK234!$E$19","v":1.2827},310,397.64]
["TOTAL DOS CUSTOS DIRETOS",{"$nulls":4},{"$f":"H8+H24+H20","v":1157754}]
["A1 - ENCARGOS SOCIAIS = 77,25% x CT(MO)",{"$nulls":4},{"$f":"H8*0.7725","v":821055.64199999988}]
["A2 - CUSTOS DA ADMINISTRAÇÃO CENTRAL = 25% x CT(MO)",{"$nulls":4},{"$f":"0.25*H8","v":265713.8}]
["A3 - LUCRO = 10% x [A1 + A2 + CT(MO) + CT(DP) + CT(MC)]",{"$nulls":4},{"$f":"0.1*SUM(F28:I30)","v":224452.34419999999}]
["A4 - DESPESAS FISCAIS = 16.61% x [A1 + A2 + A3+ CT(MO) + CT(DP) + CT(MC)]",{"$nulls":4},{"$f":"0.1661*SUM(F28:I31)","v":410096.87808781996}]
["TOTAL DA PROPOSTA",{"$nulls":4},{"$f":"I8+I24+I20","v":2825737.59}]
["NOME DO INFORMANTE:",{"$nulls":6},"QUALIFICAÇÃO"]
[]
["ASSINATURA:",{"$nulls":6},"DATA:"]
[]
["OBSERVAÇÃO:"]
["Uni - unidade de medição do insumo;"]
["Qde - Quantidade do Insumo (detalhar quantitativos na Planilha \"FPRO1\")"]
["CUD - Custo Unitário Direto do Insumo (sem encargos, taxas e impostos)"]
["CT - Custo Total (sem encargos, taxas e impostos) - CT = Qde x CUD"]
["FatorK - Taxa de Ressarcimento de Despesas e Encargos (detalhar composição nas Planilhas \"FPRO2\" e \"FPRO3\")"]
["PU - Preço Unitário (incluído encargos, taxas e impostos) - PU = CUD x FatorK"]
["PT - Preço Total (incluído encargos, taxas e impostos) - PT = Qde x PU"]

{"sheet":"FCON1_Qde","index":1,"n_rows":33,"n_cols":12,"rows_kept":33,"cut":false,"hidden":false,"merged":[[33,0,33,11],[4,8,4,11],[5,8,5,11],[4,2,4,7],[5,2,5,7],[6,4,6,11],[6,2,7,2],[6,1,7,1],[32,0,32,11],[28,7,28,11],[29,7,29,11],[6,0,7,0],[6,3,7,3],[30,7,30,11],[31,7,31,11],[5,0,5,1],[29,0,29,6],[28,0,28,6],[30,0,30,6],[31,0,31,6],[0,0,1,7],[2,0,2,11],[3,0,3,11],[0,8,0,11],[1,8,1,11]]}
["QUANTITATIVOS POR PRODUTO",{"$nulls":7},"CODIGO:"]
[{"$nulls":8},"FCON-1"]
["NOME DA CONSULTORA:"]
[]
["PROJETO:",null,"PRODUTO:",{"$nulls":5},"EDITAL:"]
["SERVIÇOS ESPECIALIZADOS PARA ELABORAÇÃO DOS RELATÓRIOS DE REVISÃO PERIODICA DE SEGURANÇA (RPS) DAS BARRAGENS DA CODEVASF"]
["Cod.","Insumo - Produto RPS","Uni","Qde              Total","Barragem"]
[{"$nulls":4},"Bico","Miro","Cova","Estr","Cera","Poço","Zabu","Boac"]
["MO","Mão-de-Obra",null,null,"P1","P2","P3","P4","P5","P6","P7","P8"]
["P0","Coordenador Geral","mês",{"$f":"SUM(E10:L10)","v":10},2,2,1,1,1,1,1,1]
["P1","Engenheiro Hidráulico","mês",10,2,2,1,1,1,1,1,1]
["P1","Engenheiro Hidrólogo","mês",10,2,2,1,1,1,1,1,1]
["P1","Engenheiro Geotécnico","mês",10,2,2,1,1,1,1,1,1]
["P1","Engenheiro Estrutural","mês",10,2,2,1,1,1,1,1,1]
["P1","Engenheiro Mecânico/Eletricista","mês",5,1,1,0.5,0.5,0.5,0.5,0.5,0.5]
["P1","Geólogo","mês",5,1,1,0.5,0.5,0.5,0.5,0.5,0.5]
["T1","Técnico Cadista/Estruturas","mês",10,2,2,1,1,1,1,1,1]
["T1","Técnico Geopro/Hidrologia","mês",20,4,4,2,2,2,2,2,2]
["A1","Secretário","mês",10,2,2,1,1,1,1,1,1]
["A1","Redator/Revisor/Editor","mês",5,1,1,0.5,0.5,0.5,0.5,0.5,0.5]
["DP","Diárias e Passagens"]
["V0","Diárias","dias",{"$f":"SUM(E22:L22)","v":168},{"$f":"7*4","v":28},{"$f":"7*4","v":28},{"$f":"7*2","v":14},{"$f":"7*2","v":14},14,14,28,{"$f":"7*4","v":28}]
["V1","Aluguel Hatch 1.4 flex (85cv) c/ Motorista","dias",48,{"$f":"4*2","v":8},{"$f":"4*2","v":8},4,4,4,4,8,8]
["V2","Passagens Aéreas (ida e volta)","uni",42,7,7,3.5,3.5,3.5,3.5,7,7]
["MC","Materiais de Consumo"]
["M1","Relatório Impresso","uni",24,3,3,3,3,3,3,3,3]
["M2","Pendrive 64GB","uni",8,1,1,1,1,1,1,1,1]
["M3","HD Externo 1TB","uni",1,1,0,0,0,0,0,0,0]
["NOME DO INFORMANTE:",{"$nulls":6},"QUALIFICAÇÃO:"]
[]
["ASSINATURA:",{"$nulls":6},"DATA:"]
[]
["OBSERVAÇÃO:"]

{"sheet":"FCON2_FatorK1","index":2,"n_rows":46,"n_cols":6,"rows_kept":46,"cut":false,"hidden":false,"merged":[[38,4,38,5],[40,0,40,3],[29,1,29,3],[26,1,26,3],[27,1,27,3],[28,1,28,3],[32,1,32,3],[33,1,33,3],[35,1,35,3],[36,1,36,3],[34,1,34,3],[37,4,37,5],[8,1,8,3],[18,1,18,3],[19,1,19,3],[0,0,1,4],[2,0,2,5],[5,0,5,1],[5,2,5,4],[6,0,7,3],[6,4,6,5],[4,2,4,4],[3,0,3,5],[45,0,45,5],[44,0,44,5],[43,0,43,5],[42,0,42,5],[46,0,46,5],[25,1,25,3],[30,1,30,3],[31,1,31,3],[20,1,20,3],[21,1,21,3],[22,1,22,3],[23,1,23,3],[24,1,24,3]]}
["DETALHAMENTO DOS ENCARGOS SOCIAIS: K1",{"$nulls":4},"CODIGO:"]
[{"$nulls":5},"FCON-2"]
["NOME DA CONSULTORA:"]
[]
["PROJETO:",null,"PRODUTO:",null,null,"EDITAL:"]
["SERVIÇOS ESPECIALIZADOS PARA ELABORAÇÃO DOS RELATÓRIOS DE REVISÃO PERIODICA DE SEGURANÇA (RPS) DAS BARRAGENS DA CODEVASF"]
["DISCRIMINAÇÃO",null,null,null,"VALORES"]
[{"$nulls":4},"%","R$"]
["A","ENCARGOS SOCIAIS BÁSICOS",null,null,{"$f":"ROUND(SUM(E10:E18),4)","v":0.36799999999999999},{"$f":"E9*FCON!$H$8","v":391130.71359999996}]
["A1","Seconci",null,null,0,{"$f":"E10*FCON!$H$8","v":0}]
["A2","INSS",null,null,0.2,{"$f":"E11*FCON!$H$8","v":212571.04}]
["A3","FGTS",null,null,0.08,{"$f":"E12*FCON!$H$8","v":85028.415999999997}]
["A4","Incra",null,null,2E-3,{"$f":"E13*FCON!$H$8","v":2125.7103999999999}]
["A5","Salário Educação ",null,null,2.5000000000000001E-2,{"$f":"E14*FCON!$H$8","v":26571.38}]
["A6","Sebrae",null,null,6.0000000000000001E-3,{"$f":"E15*FCON!$H$8","v":6377.1311999999998}]
["A7","Seguro contra acidente",null,null,0.03,{"$f":"E16*FCON!$H$8","v":31885.655999999999}]
["A8","Senai",null,null,0.01,{"$f":"E17*FCON!$H$8","v":10628.552}]
["A9","Sesi",null,null,1.4999999999999999E-2,{"$f":"E18*FCON!$H$8","v":15942.828}]
["B"," ENCARGOS SOCIAIS QUE RECEBEM INCIDÊNCIA DE \"A\"",null,null,{"$f":"ROUND(SUM(E20:E26),4)","v":0.17530000000000001},{"$f":"E19*FCON!$H$8","v":186318.51656000002}]
["B1","13º Salário  ",null,null,8.3299999999999999E-2,{"$f":"E20*FCON!$H$8","v":88535.838159999999}]
["B2","Auxilio Enfermidade",null,null,7.0000000000000001E-3,{"$f":"E21*FCON!$H$8","v":7439.9863999999998}]
["B3","Licença Paternidade",null,null,5.0000000000000001E-4,{"$f":"E22*FCON!$H$8","v":531.42759999999998}]
["B4","Faltas Justificadas",null,null,5.5999999999999999E-3,{"$f":"E23*FCON!$H$8","v":5951.9891199999993}]
["B5","Auxílio Acidente de Trabalho",null,null,8.0000000000000004E-4,{"$f":"E24*FCON!$H$8","v":850.28416000000004}]
["B6","Férias Gozadas",null,null,7.7899999999999997E-2,{"$f":"E25*FCON!$H$8","v":82796.420079999996}]
["B7","Salário Maternidade",null,null,2.0000000000000001E-4,{"$f":"E26*FCON!$H$8","v":212.57104000000001}]
["C"," ENCARGOS SOCIAIS QUE NÃO RECEBEM INCIDÊNCIA DE \"A\"",null,null,{"$f":"ROUND(SUM(E28:E32),4)","v":0.1212},{"$f":"E27*FCON!$H$8","v":128818.05024}]
["C1","Aviso Prévio Indenizado",null,null,4.9500000000000002E-2,{"$f":"E28*FCON!$H$8","v":52611.332399999999}]
["C2","Aviso Prévio Trabalhado",null,null,1.1999999999999999E-3,{"$f":"E29*FCON!$H$8","v":1275.4262399999998}]
["C3","Férias Indenizadas",null,null,2.7799999999999998E-2,{"$f":"E30*FCON!$H$8","v":29547.374559999997}]
["C4","Depósito Recisão Sem Justa Causa",null,null,3.85E-2,{"$f":"E31*FCON!$H$8","v":40919.925199999998}]
["C5","Indenização Adicional",null,null,4.1999999999999997E-3,{"$f":"E32*FCON!$H$8","v":4463.9918399999997}]
["D"," REINCIDÊNCIAS",null,null,{"$f":"ROUND(SUM(E34:E35),4)","v":6.8900000000000003E-2},{"$f":"E33*FCON!$H$8","v":73230.723280000006}]
["D1","Reincidência de \"A\" sobre \"B\"",null,null,{"$f":"ROUND(E9*E19,4)","v":6.4500000000000002E-2},{"$f":"E34*FCON!$H$8","v":68554.160399999993}]
["D2","Reincidência de \"A\" sobre Aviso Prévio Trabalhado e reincidência do FGTS sobre aviso prévio indenizado",null,null,{"$f":"ROUND(E9*E29,4)+ROUND(E28*E12,4)","v":4.4000000000000003E-3},{"$f":"E35*FCON!$H$8","v":4676.5628800000004}]
["K1","ENCARGOS SOCIAIS",null,null,{"$f":"ROUND(E9+E19+E27+E33,4)","v":0.73340000000000005},{"$f":"E36*FCON!$H$8","v":779498.00367999997}]
["K","TAXA DE RESSARCIMENTO DE DESPESAS E ENCARGOS SOBRE M.O.",null,null,{"$f":"ROUND((1+E36+FCON3_FatorK234!E15)*(1+FCON3_FatorK234!E14)*(1+FCON3_FatorK234!E10),4)","v":2.5440999999999998}]
["NOME DO INFORMANTE:",null,null,null,"QUALIFICAÇÃO"]
[]
["ASSINATURA:",null,null,null,"DATA:"]
[]
["OBSERVAÇÃO:"]
["1 - DISCRIMINAR OS ENCARGOS SOCIAIS COM SEUS RESPECTIVOS PERCENTUAS TOTALIZANDO OS MESMOS. "]
["2 - APLICAR O  % TOTAL P/ CALCULAR OS E. SOCIAIS INCIDENTES NA MÃO-DE-OBRA COM VÍNCULO, LINHA \"B1\" DO FPRO"]
["K - Taxa de Ressarcimento de Despesas e Encargos sobre a Mão de Obra (incide apenas no Insumo Codigo M.O.)"]
["K = (1 + K1 + K2) x (1 + K3) x (1 + K4)"]

{"sheet":"FCON3_FatorK234","index":3,"n_rows":36,"n_cols":6,"rows_kept":36,"cut":false,"hidden":false,"merged":[[34,0,34,5],[35,0,35,5],[18,1,18,3],[15,1,15,3],[16,1,16,3],[17,1,17,3],[23,0,23,5],[27,0,27,5],[28,0,28,5],[24,0,24,5],[25,0,25,5],[26,0,26,5],[29,0,29,5],[30,0,30,5],[31,0,31,5],[32,0,32,5],[0,0,1,4],[2,0,2,5],[5,0,5,1],[5,2,5,4],[6,4,6,5],[4,2,4,4],[3,0,3,5],[33,0,33,5],[14,1,14,3],[6,0,7,3],[13,1,13,3],[10,1,10,2],[11,1,11,2],[12,1,12,2],[8,0,9,0],[8,1,9,2]]}
["DESPESAS FISCAIS E CUSTOS DIVERSOS: K2, K3, K4",{"$nulls":4},"CODIGO:"]
[{"$nulls":5},"FCON-3"]
["NOME DA CONSULTORA:"]
[]
["PROJETO:",null,"PRODUTO:",null,null,"EDITAL:"]
["SERVIÇOS ESPECIALIZADOS PARA ELABORAÇÃO DOS RELATÓRIOS DE REVISÃO PERIODICA DE SEGURANÇA (RPS) DAS BARRAGENS DA CODEVASF"]
["DISCRIMINAÇÃO 1",null,null,null,"VALORES"]
[{"$nulls":4},"%","R$"]
["K4","DESPESAS FISCAIS",null,"K4 (%)2","K4' (%)3"]
[null,null,null,{"$f":"ROUND(D11+D12+D13,4)","v":0.14249999999999999},{"$f":"ROUND(E11+E12+E13,4)","v":0.1661},{"$f":"E10*SUM(FCON!$H$8*(1+FCON2_FatorK1!$E$36)+FCON!$H$20+FCON!$H$24+FCON3_FatorK234!$F$15+FCON3_FatorK234!$F$14)","v":402503.88199037279}]
[1,"ISS",null,0.05,{"$f":"ROUND((1/(1-$D$10))*D11,4)","v":5.8299999999999998E-2},{"$f":"E11*SUM(FCON!$H$8*(1+FCON2_FatorK1!$E$36)+FCON!$H$20+FCON!$H$24+FCON3_FatorK234!$F$15+FCON3_FatorK234!$F$14)","v":141276.1969899984}]
[2,"PIS",null,1.6500000000000001E-2,{"$f":"ROUND((1/(1-$D$10))*D12,4)","v":1.9199999999999998E-2},{"$f":"E12*SUM(FCON!$H$8*(1+FCON2_FatorK1!$E$36)+FCON!$H$20+FCON!$H$24+FCON3_FatorK234!$F$15+FCON3_FatorK234!$F$14)","v":46526.637773721595}]
[3,"COFINS",null,7.5999999999999998E-2,8.8599999999999998E-2,{"$f":"E13*SUM(FCON!$H$8*(1+FCON2_FatorK1!$E$36)+FCON!$H$20+FCON!$H$24+FCON3_FatorK234!$F$15+FCON3_FatorK234!$F$14)","v":214701.04722665279}]
["K3","REMUNERAÇÃO DA EMPRESA (LUCRO)",null,null,0.1,{"$f":"E14*SUM(FCON!H8*(1+FCON2_FatorK1!E36)+FCON!H20+FCON!H24+FCON3_FatorK234!F15)","v":220296.580368}]
["K2","CUSTOS DA ADMINISTRAÇÃO CENTRAL",null,null,{"$f":"ROUND(SUM(E16:E18),4)","v":0.25},{"$f":"E15*FCON!$H$8","v":265713.8}]
[4,"Custos da equipe da administração central da empresa consultora (diretoria, pessoal técnico de apoio e pessoal administrativo não diretamente vinculado à prestação dos serviços)",null,null,0.18,{"$f":"E16*FCON!$H$8","v":191313.93599999999}]
[5,"Outras despesas que afetam o custo de produção como treinamento, biblioteca, programa de qualidade, auditoria interna e externa",null,null,0.04,{"$f":"E17*FCON!$H$8","v":42514.207999999999}]
[6,"Despesas com aluguéis, comunicação, manutenção e transporte não diretamente relacionados com o custo direto dos serviços",null,null,0.03,{"$f":"E18*FCON!$H$8","v":31885.655999999999}]
["K'","TAXA DE RESSARCIMENTO DE DESPESAS SOBRE CUSTOS DIVERSOS",null,null,{"$f":"ROUND((1+E14)*(1+E10),4)","v":1.2827}]
["NOME DO INFORMANTE:",null,null,null,"QUALIFICAÇÃO:"]
[]
["ASSINATURA:",null,null,null,"DATA:"]
[]
["Observação:"]
["1 - RELACIONAR OS CUSTOS DE ADMINISTRAÇÃO COM RESPECTIVOS PERCENTUAIS INCIDENTES NA MÃO -DE-OBRA"]
["1 - DISCRIMINAR OS TRIBUTOS QUE INCIDEM SOBRE OS CUSTOS DA PRESTAÇÃO DOS SERVIÇOS"]
["2 - K4 = INDICAR % DE CADA TRIBUTO E A SOMA DOS MESMOS (ex: ISS 5% + PIS 1,65% + COFINS 7,60% = 14,25%)"]
["3 - AS DESPESAS FISCAIS (K4) INCIDEM SOBRE O TOTAL DA FATURA E NÃO SOBRE OS CUSTOS INCORRIDOS, "]
["     DEVENDO SER CALCULADO O K4' APLICANDO-SE A SEGUINTE FÓRMULA:"]
["     K4' = { [ 1 / ( 1 - K4) ] - 1 } x 100"]
[{"$f":"CONCATENATE(\"     K4' = { [ 1 / ( 1 - \",D10,\" ) ] - 1 } x 100\")","v":"     K4' = { [ 1 / ( 1 - 0,1425 ) ] - 1 } x 100"}]
["K' - Taxa de Ressarcimento de Despesas sobre Custos Diversos (incide sobre os Insumos Codigo DP, MC e TP)"]
["K' = (1 + K3) x (1 + K4)"]
["K2 - Incide sobre o Custo Total (CT) da Mão de Obra (MO)"]
["K3 - Incide sobre o Custo Total (CT) Mão de Obra com encargos (MO x K1), demais Custos (DP e MC), e Custos da Administração Central (K2)"]
["K4 -  Incide sobre o Custo Total (CT) Mão de Obra com encargos (MO x K1), demais Custos (DP e MC), Custos da Administração Central (K2) e Lucro (K3)"]

{"sheet":"FCON4_OS","index":4,"n_rows":39,"n_cols":9,"rows_kept":39,"cut":false,"hidden":false,"merged":[[28,0,28,4],[28,5,28,8],[0,0,1,6],[0,7,0,8],[1,7,1,8],[2,0,2,8],[3,0,3,8],[4,0,4,2],[4,3,4,6],[4,7,4,8],[5,0,5,2],[5,3,5,6],[5,7,5,8],[27,0,27,4],[27,5,27,8],[29,0,29,4],[29,5,29,8],[30,0,30,4],[30,5,30,8],[31,0,31,4],[31,5,31,8],[40,0,40,8],[32,0,32,4],[32,5,32,8],[33,0,33,4],[33,7,33,8],[34,0,34,4],[34,7,34,8],[35,0,35,4],[36,0,36,4],[37,0,37,8],[38,0,39,8],[41,0,41,8],[42,0,42,8],[43,0,43,8],[44,0,44,8],[45,0,45,8]]}
["ORDEM DE SERVIÇO",{"$nulls":6},"CODIGO:"]
[{"$nulls":7},"O.S."]
["NOME DA CONSULTORA:"]
[]
["PROJETO:",null,null,"PRODUTO:",null,null,null,"CONTRATO:"]
["SERVIÇOS ESPECIALIZADOS PARA ELABORAÇÃO DOS RELATÓRIOS DE REVISÃO PERIODICA DE SEGURANÇA (RPS) DAS BARRAGENS DA CODEVASF"]
["Cod.","Categoria / Insumo","Uni","Qde","CUD","PU","FatorK","CT","PT"]
["MO","Mão de Obra",{"$nulls":5},{"$f":"SUM(H9:H19)","v":0},{"$f":"SUM(I9:I19)","v":0}]
["P0","Coordenador Geral","mês"]
["P1","Engenheiro Hidráulico","mês"]
["P1","Engenheiro Hidrólogo","mês"]
["P1","Engenheiro Geotécnico","mês"]
["P1","Engenheiro Estrutural","mês"]
["P1","Engenheiro Mecânico/Eletricista","mês"]
["P1","Geólogo","mês"]
["T1","Técnico Cadista","mês"]
["T1","Técnico Geoprocessamento","mês"]
["A1","Secretário","mês"]
["A1","Redator/Revisor/Editor","mês"]
["DP","Diárias e Passagens",{"$nulls":5},{"$f":"SUM(H21:H23)","v":0},{"$f":"SUM(I21:I23)","v":0}]
["V0","Diárias","dia"]
["V1","Aluguel Hatch 1.4 flex c/ Motorista","dia"]
["V2","Passagens Aéreas (ida e volta)","un"]
["MC","Materiais de Consumo",{"$nulls":5},{"$f":"SUM(H25:H27)","v":0},{"$f":"SUM(I25:I27)","v":0}]
["M1","Relatório Impresso","un"]
["M2","Pendrive 64GB","un"]
["M3","HD Externo 2TB","un"]
["VALOR TOTAL DOS CUSTOS DIRETOS",{"$nulls":4},{"$f":"H8+H24+H20","v":0}]
["A1 - ENCARGOS SOCIAIS = 77,25% x CT(MO)",{"$nulls":4},{"$f":"H8*0.7725","v":0}]
["A2 - CUSTOS DA ADMINISTRAÇÃO CENTRAL = 25% x CT(MO)",{"$nulls":4},{"$f":"0.25*H8","v":0}]
["A3 - LUCRO = 10% x [A1 + A2 + CT(MO) + CT(DP) + CT(MC)]",{"$nulls":4},{"$f":"0.1*SUM(F28:I30)","v":0}]
["A4 - DESPESAS FISCAIS = 16.61% x [A1 + A2 + A3+ CT(MO) + CT(DP) + CT(MC)]",{"$nulls":4},{"$f":"0.1661*SUM(F28:I31)","v":0}]
["VALOR TOTAL DO PRODUTO",{"$nulls":4},{"$f":"I8+I24+I20","v":0}]
["FISCAL DO CONTRATO Nº _______________________:",{"$nulls":6},"PRAZO DE ELABORAÇÃO:"]
[]
["ASSINATURA:",{"$nulls":6},"DATA DE AUTORIZAÇÃO:"]
[]
["OBSERVAÇÃO:"]
["O PRODUTO DEVE SER ELABORADO CONFORME ESPECIFICAÇÕES DADAS NO TERMO DE REFERÊNCIA E EDITAL, COM AS MODIFICAÇÕES TÉCNICAS E ESPECIFICIDADES ESTABELECIDAS NO ANEXO DESTA ORDEM DE SERVIÇO."]